Framing trade-offs: The politics of nuclear power and wind energy in the age of global climate change (Record no. 92955)

000 -LEADER
fixed length control field 00472pab a2200169 454500
008 - FIXED-LENGTH DATA ELEMENTS--GENERAL INFORMATION
fixed length control field 180718b2011 xxu||||| |||| 00| 0 eng d
100 ## - MAIN ENTRY--PERSONAL NAME
Personal name Pralle, Sarah
245 ## - TITLE STATEMENT
Title Framing trade-offs: The politics of nuclear power and wind energy in the age of global climate change
260 ## - PUBLICATION, DISTRIBUTION, ETC.
Date of publication, distribution, etc. 2011
300 ## - PHYSICAL DESCRIPTION
Extent p.323-346.
362 ## - DATES OF PUBLICATION AND/OR SEQUENTIAL DESIGNATION
Dates of publication and/or sequential designation Jul
650 ## - SUBJECT ADDED ENTRY--TOPICAL TERM
Topical term or geographic name entry element Climatic change
700 ## - ADDED ENTRY--PERSONAL NAME
Personal name Boscarino, Jessica
773 ## - HOST ITEM ENTRY
Main entry heading Review of Policy Research
908 ## - PUT COMMAND PARAMETER (RLIN)
Put command parameter N
909 ## -
-- 92955
Holdings
Withdrawn status Lost status Damaged status Not for loan Permanent Location Current Location Date acquired Serial Enumeration / chronology Barcode Date last seen Price effective from Koha item type
        Indian Institute of Public Administration Indian Institute of Public Administration 2018-07-19 Volume no: 28, Issue no: 4 AR93415 2018-07-19 2018-07-19 Articles

Powered by Koha